Church without walls / (Record no. 9092)

MARC details
000 -LEADER
fixed length control field 01653cam a2200325 a 4500
001 - CONTROL NUMBER
control field 26901940
003 - CONTROL NUMBER IDENTIFIER
control field OCoLC
005 - DATE AND TIME OF LATEST TRANSACTION
control field 20241126110705.0
008 - FIXED-LENGTH DATA ELEMENTS--GENERAL INFORMATION
fixed length control field 911113s1992 coua b 000 0 eng
010 ## -
-- 91067292
020 ## - INTERNATIONAL STANDARD BOOK NUMBER
International Standard Book Number 9780997021387
035 ## - SYSTEM CONTROL NUMBER
System control number (OCoLC)26901940
Canceled/invalid control number (OCoLC)948399908
040 ## - CATALOGING SOURCE
Original cataloging agency DLC
Language of cataloging eng
Transcribing agency DLC
Modifying agency PBE
-- BTCTA
-- BAKER
-- SGB
-- OCLCF
-- CFT
-- OCLCQ
-- PB4
-- YDXCP
-- XBE
-- BSC
082 ## - DEWEY DECIMAL CLASSIFICATION NUMBER
Classification number 260
Item number PET
092 ## - LOCALLY ASSIGNED DEWEY CALL NUMBER (OCLC)
Classification number 260
Item number P4841c, 1992
100 1# - MAIN ENTRY--PERSONAL NAME
Personal name Petersen, Jim.
9 (RLIN) 15854
245 10 - TITLE STATEMENT
Title Church without walls /
Statement of responsibility, etc. Jim Petersen
250 ## - EDITION STATEMENT
Edition statement 2nd edition
260 ## - PUBLICATION, DISTRIBUTION, ETC.
Place of publication, distribution, etc. Colorado Springs, Colo. :
Name of publisher, distributor, etc. Global Commerce Network,
Date of publication, distribution, etc. 2018.
300 ## - PHYSICAL DESCRIPTION
Extent 298 pages :
Other physical details illustrations ;
Dimensions 24 cm
336 ## - CONTENT TYPE
Content type term text
Content type code txt
Source rdacontent
337 ## - MEDIA TYPE
Media type term unmediated
Media type code n
Source rdamedia
338 ## - CARRIER TYPE
Carrier type term volume
Carrier type code nc
Source rdacarrier
505 0# - FORMATTED CONTENTS NOTE
Formatted contents note The reshaping of the American way of life -- Our contemporary society: where we got it and where it is going -- How did the gospel grow?: an historical look at the New Testament -- From Ignatius to the Puritans: AD 95-1620 -- The church in America -- Freedom and diversity: a first-century example -- To freedom and diversity -- New boundaries for the church -- God's people in the midst of postmodern America -- The task before us -- Recovering our mobility.
650 #0 - SUBJECT ADDED ENTRY--TOPICAL TERM
Topical term or geographic name entry element Church.
9 (RLIN) 263
856 42 - ELECTRONIC LOCATION AND ACCESS
Materials specified Contributor biographical information
Uniform Resource Identifier <a href="http://catdir.loc.gov/catdir/enhancements/fy1206/91067292-b.html">http://catdir.loc.gov/catdir/enhancements/fy1206/91067292-b.html</a>
856 42 - ELECTRONIC LOCATION AND ACCESS
Materials specified Publisher description
Uniform Resource Identifier <a href="http://catdir.loc.gov/catdir/enhancements/fy0908/91067292-d.html">http://catdir.loc.gov/catdir/enhancements/fy0908/91067292-d.html</a>
856 42 - ELECTRONIC LOCATION AND ACCESS
Materials specified Publisher description
Uniform Resource Identifier <a href="http://www.loc.gov/catdir/enhancements/fy0908/91067292-d.html">http://www.loc.gov/catdir/enhancements/fy0908/91067292-d.html</a>
942 ## - ADDED ENTRY ELEMENTS (KOHA)
Source of classification or shelving scheme Dewey Decimal Classification
Koha item type Books
Koha issues (borrowed), all copies 2
Holdings
Withdrawn status Lost status Source of classification or shelving scheme Damaged status Not for loan Home library Current Library Shelving location Date acquired Total checkouts Full call number Barcode Date last seen Date last checked out Copy number Price effective from Koha item type
    Dewey Decimal Classification     GRACE BIBLE COLLEGE GRACE BIBLE COLLEGE Ministry & Mission 2022-04-07 2 260 PET 015490 2025-05-01 2022-12-09 c.1 2022-04-07 Books
© Grace Bible College Library 2025